Iterating the Cobar Construction

Αποθηκεύτηκε σε:
Λεπτομέρειες βιβλιογραφικής εγγραφής
Κύριος συγγραφέας: Smith, Justin R.
Μορφή: Βιβλίο
Γλώσσα:English
Δημοσίευση: Providence, Rhode Island : American Mathematical Society, c1994
Σειρά:Memoirs of the American Mathematical Society ; ; 524
Θέματα:
Ετικέτες: Προσθήκη ετικέτας
Δεν υπάρχουν, Καταχωρήστε ετικέτα πρώτοι!

MARC

LEADER 00000nam a2200000 i 4500
001 1/48376
008 950727s1994 eng d
020 |a 0-8218-2588-7 
035 |1 ΕΛΗ  |a 1995  |b 1807  |c ΚΕΧΑΓΙΑΣ  |l 10043319 
040 |a GR-MY-UA  |b gre  |e aacr 
041 0 |a eng 
082 0 |a 514.24 
100 1 |a Smith, Justin R. 
245 1 0 |a Iterating the Cobar Construction /  |c Justin R. Smith 
260 |a Providence, Rhode Island :   |b American Mathematical Society,   |c c1994 
300 |a 121 p.;  |c 25 cm. 
490 1 |a Memoirs of the American Mathematical Society  |v ; 524 
500 |a Includes bibliographical references 
650 0 0 |a Loop spaces. 
650 0 0 |a Cobar construction (Topology) 
650 0 0 |a Tensor products. 
830 0 |a Memoirs of the American Mathematical Society ;  |v ; 524 
852 |a INST  |b SAMOS  |e 19950727  |h 514.24 SMI  |p 005300010124  |q 005300010124  |t BK  |y 0 
909 |a Σ  |b 043682